Konvex testek rekonstrukciója
Elmentve itt :
| Szerző: | |
|---|---|
| További közreműködők: | |
| Dokumentumtípus: | Szakdolgozat |
| Megjelent: |
1986
|
| Tárgyszavak: | |
| Online Access: | http://diploma.bibl.u-szeged.hu/360 |
| LEADER | 00518nta a2200157 i 4500 | ||
|---|---|---|---|
| 001 | dipl360 | ||
| 005 | 20130314065727.0 | ||
| 008 | 110402s1986 hu om 0|| hun d | ||
| 040 | |a SZTE Diploma Repozitórium |b hun | ||
| 041 | |a hun | ||
| 100 | 1 | |a Birkás Sándor | |
| 245 | 1 | 0 | |a Konvex testek rekonstrukciója |h [elektronikus dokumentum] / |c Sándor Birkás |
| 260 | |c 1986 | ||
| 650 | 4 | |a Informatika | |
| 700 | 1 | |a Kuba Attila |e ths | |
| 856 | 4 | 0 | |u http://diploma.bibl.u-szeged.hu/id/eprint/360/1/1986_birkas_sandor_09_98.pdf |z Dokumentum-elérés |